| 000 | 00710nam a2200193Ii 4500 | ||
|---|---|---|---|
| 003 | JO-AjNU | ||
| 008 | 230606s9999||||xx |||||||||||||| ||und|| | ||
| 040 |
_aJO-AjNU _beng _erda _cJO-AjNU |
||
| 041 | _aeng | ||
| 050 | 1 | 4 | _aHQ1426 .U55 1976 |
| 100 | 3 |
_a justice for American women, _eauthor _92927 |
|
| 245 | 0 | 0 | _ato form a more perfect union …: report of the National Commission on the Observance of International Women's Year |
| 264 | 3 | 1 | _aWashington : Dept. of State: for sale by the Supt. of Docs, U.S. Govt. Print 1976 |
| 300 | _a382p | ||
| 336 |
_atext _btxt _2rdacontent |
||
| 337 |
_aunmediated _bn _2rdamedia |
||
| 338 |
_avolume _bnc _2rdacarrier |
||
| 650 | 4 |
_aWomen's rights-United States _92928 |
|
| 999 |
_aE1534 _c1534 _d1534 |
||